logo

Bir Sreshtho Munshi Abdur Rouf Library
Jhenaidah Cadet College

Kidnapped / (Record no. 1876)

MARC details
000 -LEADER
fixed length control field 00622nam a2200241 a 4500
001 - CONTROL NUMBER
JCCL Control Number 1876
003 - CONTROL NUMBER IDENTIFIER
JCCL marc code BD-JhCC
005 - DATE AND TIME OF LATEST TRANSACTION
control field 20211111134021.0
008 - FIXED-LENGTH DATA ELEMENTS--GENERAL INFORMATION
fixed length control field 171025s2005 ii a|||| |||| 00| 0 eng d
020 ## - INTERNATIONAL STANDARD BOOK NUMBER
International Standard Book Number 8174906266
020 ## - INTERNATIONAL STANDARD BOOK NUMBER
International Standard Book Number 9788174906267
035 ## - SYSTEM CONTROL NUMBER
system control number (BD-JhCC)1876
040 ## - CATALOGING SOURCE
Original cataloging agency BD-JhCC
Modifying agency BD-JhCC
041 ## - LANGUAGE CODE
Language code of Book eng
082 ## - DEWEY DECIMAL CLASSIFICATION NUMBER
DDC Edition number 22
Classification number 823.8
Author mark and Year STE 2005
100 ## - MAIN ENTRY--PERSONAL NAME
Personal name Stevenson, Louis, Robert
245 ## - TITLE STATEMENT
Title Kidnapped /
Statement of responsibility, etc Robert Louis Stevenson
260 ## - PUBLICATION, DISTRIBUTION, ETC. (IMPRINT)
Place of publication, distribution, etc Delhi
Name of publisher, distributor, etc Dhingra Publication House
Date of publication, distribution, etc 2005
300 ## - PHYSICAL DESCRIPTION
Pagination 228 p. :
Other physical details ill. ;
Dimensions 22cm.
650 ## - SUBJECT ADDED ENTRY--TOPICAL TERM
Topical term or geographic name as entry element Adventure Stories
942 ## - ADDED ENTRY ELEMENTS (KOHA)
Source of classification or shelving scheme Dewey Decimal Classification
Koha item type Books
Koha issues (borrowed), all copies 4
Holdings
Source of classification or shelving scheme Damaged status Not for loan Home library Current library Shelving location Date of accession Total Checkouts Full call number Barcode Checked out Date last seen Date checked out Copy number Koha item type
Dewey Decimal Classification     JCC Rouf Library JCC Rouf Library General Stacks 05/22/2023 6 823.8 STE 2005 2602 12/05/2024 11/10/2024 11/10/2024 C-1 Books

JCC Library | Contacts | JCC Home

Last Update on 23 September 2017
Copyright @ 2017-2020 JCC Rouf Library
Rouf Library, Jhenidah Cadet College (JCC), Bangladesh